000 00290nam a22001217a 4500
008 170616b xxu||||| |||| 00| 0 eng d
041 _aeng
080 _a94(100)
100 _a30
101 _aSHP
245 _aTHREE FACES ACTION FRANCAISE IATLIAN FASCISM
_cNOLTE.E
942 _2udc
_cBK
999 _c17849
_d17849